Normal view
MARC view
Entry Personal Name
001 - CONTROL NUMBER
- control field: 782844
003 - CONTROL NUMBER IDENTIFIER
- control field:
005 - DATE AND TIME OF LATEST TRANSACTION
- control field: 20210627054216.0
008 - FIXED-LENGTH DATA ELEMENTS
- fixed length control field: 210627|| aca||aabn | a|a d
040 ## - CATALOGING SOURCE
- Original cataloging agency:
- Transcribing agency:
100 ## - HEADING--PERSONAL NAME
- Personal name: Bhargava, B. P.
670 ## - SOURCE DATA FOUND
- Source citation: Work cat.: ()659394: Bhargava, U. K., Circulars and clarifications on company law /, 1985
